000
00363nam a2200133Ia 4500
008
151001s9999||||xx |||||||||||||| ||und||
100
_a
यु म पठाण
245
_a
सभासद बखर
250
_a
1
260
_b
स्नेहवर्धन प्रकाशन पुणे
260
_c
2005
300
_a
126
365
_b
21
999
_c
988530
_d
988527